Postavenie významných odvetví priemyslu v Belgicku bakalárska práca

Salvato in:
Dettagli Bibliografici
Autore principale: Parimuchová, Klaudia
Ente Autore: Fakulta medzinárodných vzťahov EU. Katedra medzinárodných ekonomických vzťahov a hospodárskej diplomacie
Altri autori: Krátka, Jana
Natura: Libro
Lingua:slovacco
Pubblicazione: Bratislava 2017
Tags: Aggiungi Tag
Nessun Tag, puoi essere il primo ad aggiungerne!!

MARC

LEADER 00000nbm a2200000 4500
001 0232061
005 20180221152311.4
041 0 |a slo 
044 |a SK 
245 1 0 |a Postavenie významných odvetví priemyslu v Belgicku  |b bakalárska práca  |c Klaudia Parimuchová ; školiteľ: Jana Krátka 
264 1 |a Bratislava  |c 2017 
300 |a 57 s. 
100 1 |a Parimuchová, Klaudia 
700 1 |a Krátka, Jana 
710 2 |a Fakulta medzinárodných vzťahov EU. Katedra medzinárodných ekonomických vzťahov a hospodárskej diplomacie